Anuario de filosofia juridica y social

Detalles Bibliográficos
Autor Corporativo: Sociedad Chilena de Filosofia Jurd̕ica y Social
Formato: Seriadas
Lenguaje:español
Materias:
Acceso en línea:Acceso restringido

MARC

LEADER 00000nas a22000004i 4500
001 .b69100913
005 20170524183857.0
007 cr |||||||||||
008 170517c19809999cl a| ||||||||0|||||spa|c
022 |a 0719-4455 
035 |a 14812 
040 |a ES-BaUAB  |b cat  |e rda  |c ES-BaUAB  |d vLex 
090 |c 6698  |d 6698 
245 1 0 |a Anuario de filosofia juridica y social   |h [Recurso electrn̤ico] /  |c [editado por] Sociedad Chilena de Filosofa̕ Jurd̕ica y Social 
256 |a Servicio en ln̕ea 
300 |a 1 recurs en ln̕ia  
310 |a Anual 
506 0 |a Contenido disponible en los productos indicados  |d vLex Global  |d vLex Global (Academic Edition, excluding Law Schools)  |d vLex Global (U.S. Academic Edition, Law Schools)  |d vLex Global (U.S. Academic Edition, excluding Law Schools)  |d vLex Global (Academic Edition, Law Schools) 
650 4 |a Derecho  |x Filosofa̕  |x Revistas 
650 4 |a Derecho natural  |x Revistas 
655 4 |a Revistas electrn̤icas 
710 2 |a Sociedad Chilena de Filosofia Jurd̕ica y Social 
740 0 |a vLex Revistas (Servicio en ln̕ea) 
856 |z Acceso restringido  |u http://vlex.com/source/anuario-filosofia-juridica-social-14812 
942 |c REV 
999 0 |a Natural law 
999 0 |a Law Philosophy